[Event "Moscow Sveshnikov Memorial Blitz"]
[Site "Moscow"]
[Date "2023.12.09"]
[Round "4"]
[White "Balashov, Yuri S"]
[Black "Raetsky, Alexander"]
[Result "1-0"]
[WhiteElo "2382"]
[BlackElo "2310"]
[PlyCount "65"]
[EventDate "2023.12.09"]
[EventType "tourn (blitz)"]
[EventRounds "11"]
[EventCountry "RUS"]
[EventCategory "1"]
[SourceTitle "CB50_2023"]
[SourceDate "2023.12.13"]
[SourceVersion "1"]
[SourceVersionDate "2023.12.13"]
[SourceQuality "1"]

1. e4 c5 2. Nc3 Nc6 3. Bb5 e6 4. Nf3 Nge7 5. d4 cxd4 6. Nxd4 Ng6 7. 0-0 Qc7 8. Kh1 Bd6 9. Bxc6 dxc6 10. Ndb5 cxb5 11. Nxb5 Qc6 12. Nxd6+ Ke7 13. Nxc8+ Raxc8 14. f3 Rhd8 15. Qe1 Qxc2 16. Qb4+ Ke8 17. Qxb7 Nh4 18. Qb5+ Rc6 19. Qg5 Rd1 20. Be3 Rxa1 21. Rxa1 Ng6 22. Rc1 Qa4 23. Rxc6 Qxc6 24. Bxa7 Qa4 25. Qc5 Qxa2 26. Qc8+ Ke7 27. Bc5+ Kf6 28. Qd8+ Ke5 29. Qd4+ Kf4 30. Qe3+ Ke5 31. f4+ Kf6 32. Qd4+ e5 33. Qd8+ 1-0

[Event "Moscow Sveshnikov Memorial Blitz"]
[Site "Moscow"]
[Date "2023.12.09"]
[Round "3"]
[White "Kalegin, Evgenij"]
[Black "Balashov, Yuri S"]
[Result "1/2-1/2"]
[WhiteElo "2356"]
[BlackElo "2382"]
[PlyCount "28"]
[EventDate "2023.12.09"]
[EventType "tourn (blitz)"]
[EventRounds "11"]
[EventCountry "RUS"]
[EventCategory "1"]
[SourceTitle "CB50_2023"]
[SourceDate "2023.12.13"]
[SourceVersion "1"]
[SourceVersionDate "2023.12.13"]
[SourceQuality "1"]

1. e4 e5 2. Nf3 Nc6 3. Bb5 a6 4. Ba4 Nf6 5. 0-0 Be7 6. Re1 b5 7. Bb3 d6 8. c3 0-0 9. h3 Re8 10. Ng5 Rf8 11. Nf3 Bb7 12. d4 Re8 13. Ng5 Rf8 14. Nf3 Bc8 1/2-1/2

[Event "RUS Cup tt"]
[Site "Sochi"]
[Date "2023.12.03"]
[Round "7.9"]
[White "Sitnikov, Anton"]
[Black "Balashov, Yuri S"]
[Result "1/2-1/2"]
[WhiteElo "2341"]
[BlackElo "2395"]
[PlyCount "83"]
[EventDate "2023.11.27"]
[EventType "team-swiss"]
[EventRounds "7"]
[EventCountry "RUS"]
[SourceTitle "CB49_2023"]
[SourceDate "2023.12.06"]
[SourceVersion "1"]
[SourceVersionDate "2023.12.06"]
[SourceQuality "1"]
[WhiteTeam "Donetsk"]
[BlackTeam "Russia Veterans"]
[WhiteTeamCountry "RUS"]
[BlackTeamCountry "RUS"]

1. e4 e5 2. Nf3 Nc6 3. Nc3 Nf6 4. d4 exd4 5. Nxd4 Bb4 6. Nxc6 bxc6 7. Bd3 d5 8. exd5 cxd5 9. 0-0 0-0 10. Bg5 c6 11. Qf3 Rb8 12. h3 Bd6 13. b3 Be5 14. Bf4 Bxc3 15. Bxb8 Bxa1 16. Rxa1 Bg4 17. hxg4 Qxb8 18. Re1 Re8 19. Rxe8+ Qxe8 20. Qf4 h6 21. Kf1 Qd8 22. b4 Kf8 23. a4 Ne8 24. Qd4 Qe7 25. f3 Nf6 26. a5 g6 27. c3 Kg8 28. Bc2 h5 29. g5 Ne8 30. Ba4 Qxg5 31. Bxc6 Nd6 32. f4 Qg3 33. Bxd5 Nf5 34. Qe5 Ne3+ 35. Ke2 Nxd5 36. Qxd5 Qxc3 37. Qd6 Qc2+ 38. Kf3 Qc3+ 39. Ke2 Qc4+ 40. Ke3 a6 41. Qd4 Qb3+ 42. Ke4 1/2-1/2

[Event "RUS-chT2"]
[Site "Sochi"]
[Date "2023.05.04"]
[Round "4.3"]
[White "Balashov, Yuri S"]
[Black "Zakaryan, David"]
[Result "1-0"]
[WhiteElo "2396"]
[BlackElo "2325"]
[PlyCount "161"]
[EventDate "2023.05.01"]
[EventType "team-swiss"]
[EventRounds "9"]
[EventCountry "RUS"]
[SourceTitle "CBM 214 Extra"]
[Source "ChessBase"]
[SourceDate "2023.07.31"]
[SourceVersion "1"]
[SourceVersionDate "2023.07.31"]
[SourceQuality "1"]
[WhiteTeam "Russia Veterans"]
[BlackTeam "Krasnodarsk Region"]
[WhiteTeamCountry "RUS"]
[BlackTeamCountry "RUS"]

1. e4 c6 2. Nf3 d5 3. d3 g6 4. e5 Bg7 5. d4 f6 6. Bd3 Nh6 7. 0-0 0-0 8. exf6 exf6 9. c4 dxc4 10. Bxc4+ Kh8 11. Nc3 Nd7 12. h3 Nb6 13. Bb3 Re8 14. Re1 Rxe1+ 15. Qxe1 Qf8 16. a4 Bd7 17. Bf4 Re8 18. Qd2 g5 19. a5 Nc8 20. Bc7 Qb4 21. Bc2 Ne7 22. Ra4 Qxb2 23. Nd1 Qb5 24. Rb4 Qa6 25. Bd3 b5 26. axb6 Qa5 27. Ne3 Nd5 28. Nxd5 cxd5 29. Qb2 axb6 30. Bxb6 Qa8 31. Qb1 Qc8 32. Ba7 g4 33. hxg4 Bxg4 34. Nh2 Bh5 35. Nf1 f5 36. Rb8 Qc7 37. Rxe8+ Bxe8 38. Bc5 Qf4 39. g3 Qf3 40. Nh2 Qh5 41. Qb8 Ng8 42. Kg2 Bg6 43. Nf3 Bf6 44. Qd6 f4 45. Bxg6 hxg6 46. Qxf4 Qf5 47. Qe3 Kg7 48. Qe8 g5 49. Nh2 Be7 50. Nf1 Qe4+ 51. Kg1 Bxc5 52. Qxe4 dxe4 53. dxc5 Kf6 54. Nd2 Ke5 55. c6 Ne7 56. c7 Kd4 57. Nf1 Kc5 58. Kg2 Kc6 59. Nd2 e3 60. fxe3 Kxc7 61. Kf3 Kd7 62. Ne4 Ke6 63. Nxg5+ Kf5 64. Ne4 Ng6 65. g4+ Ke6 66. Nc5+ Kf6 67. Nd3 Kg5 68. e4 Nf8 69. Kg3 Ne6 70. Ne5 Kf6 71. Nf3 Kg6 72. e5 Kf7 73. g5 Kg7 74. Kg4 Kg6 75. Nh4+ Kf7 76. g6+ Kg7 77. Kf5 Nd4+ 78. Ke4 Ne6 79. Kd5 Nc7+ 80. Kd6 Nb5+ 81. Kd7 1-0

[Event "RUS-ch Rapid"]
[Site "Sochi"]
[Date "2022.10.15"]
[Round "2"]
[White "Balashov, Yuri S"]
[Black "Pridorozhni, Aleksei"]
[Result "0-1"]
[WhiteElo "2395"]
[BlackElo "2529"]
[PlyCount "96"]
[EventDate "2022.10.15"]
[EventType "swiss (rapid)"]
[EventRounds "11"]
[EventCountry "RUS"]
[SourceTitle "CBM 210 Extra"]
[Source "ChessBase"]
[SourceDate "2022.11.30"]
[SourceVersion "1"]
[SourceVersionDate "2022.11.30"]
[SourceQuality "1"]

1. d4 e6 2. c4 b6 3. Nf3 Bb7 4. Nc3 Bb4 5. Qc2 f5 6. a3 Bxc3+ 7. Qxc3 Nf6 8. Nd2 d6 9. b3 Nbd7 10. Bb2 Qe7 11. f3 0-0 12. e3 c5 13. Be2 Rac8 14. 0-0 e5 15. dxe5 Nxe5 16. Rfe1 Rce8 17. Rad1 Rf7 18. Nf1 Qe6 19. Qc2 h5 20. Ng3 g6 21. Bf1 h4 22. Ne2 g5 23. Qd2 h3 24. Bxe5 dxe5 25. Nc3 hxg2 26. Bxg2 Rd7 27. Qf2 Rg7 28. e4 g4 29. Nd5 gxf3 30. Qxf3 Nxe4 31. Kh1 Qh6 32. Rxe4 fxe4 33. Qxe4 Kh8 34. Qe2 Bc8 35. Ne3 Reg8 36. Bd5 Rf8 37. Be4 Bh3 38. Re1 Rgf7 39. Bg2 Rf2 40. Qd3 Bxg2+ 41. Nxg2 Qh7 42. Qd1 Qf5 43. Rg1 Rf1 44. Qe2 Rxg1+ 45. Kxg1 e4 46. h4 Rg8 47. Qd2 Kh7 48. Kh2 Qf3 0-1

[Event "RUS-ch Rapid"]
[Site "Sochi"]
[Date "2022.10.15"]
[Round "5"]
[White "Grebnev, Aleksey"]
[Black "Balashov, Yuri S"]
[Result "1-0"]
[WhiteElo "2477"]
[BlackElo "2395"]
[PlyCount "101"]
[EventDate "2022.10.15"]
[EventType "swiss (rapid)"]
[EventRounds "11"]
[EventCountry "RUS"]
[SourceTitle "CBM 210 Extra"]
[Source "ChessBase"]
[SourceDate "2022.11.30"]
[SourceVersion "1"]
[SourceVersionDate "2022.11.30"]
[SourceQuality "1"]

1. d4 Nf6 2. c4 e6 3. Nc3 Bb4 4. Nf3 c5 5. e3 Nc6 6. Bd2 0-0 7. Bd3 cxd4 8. exd4 d5 9. c5 b6 10. a3 Bxc3 11. Bxc3 Ne4 12. Qc2 bxc5 13. Bxe4 dxe4 14. Qxe4 cxd4 15. Rd1 Qd5 16. Qxd5 exd5 17. Nxd4 Re8+ 18. Kd2 Nxd4 19. Bxd4 Re4 20. Bc5 Rc4 21. Rc1 Be6 22. b3 Rxc1 23. Rxc1 a6 24. Bd4 Rb8 25. b4 Rc8 26. Bc5 f6 27. Kd3 Kf7 28. Kd4 Bd7 29. f3 Bc6 30. Rc2 h5 31. Ra2 Ba4 32. Rd2 Bb3 33. Rb2 Bc4 34. a4 Rb8 35. Rb1 Rb7 36. Re1 Bb3 37. Ra1 Rb8 38. b5 axb5 39. a5 Ra8 40. a6 b4 41. a7 Bc4 42. Bxb4 g5 43. Bd6 Ke6 44. Bb8 Kd7 45. Re1 h4 46. Kc5 Ba6 47. Kb6 Bc8 48. Rc1 Kd8 49. Kc6 d4 50. Rd1 Rxb8 51. axb8B 1-0

[Event "RUS-ch Blitz"]
[Site "Sochi"]
[Date "2022.10.14"]
[Round "2"]
[White "Balashov, Yuri S"]
[Black "Petrov, Nikita"]
[Result "0-1"]
[WhiteElo "2395"]
[BlackElo "2553"]
[PlyCount "96"]
[EventDate "2022.10.14"]
[EventType "swiss (blitz)"]
[EventRounds "13"]
[EventCountry "RUS"]
[SourceTitle "CBM 210 Extra"]
[Source "ChessBase"]
[SourceDate "2022.11.30"]
[SourceVersion "1"]
[SourceVersionDate "2022.11.30"]
[SourceQuality "1"]

1. d4 Nf6 2. c4 e6 3. Nc3 Bb4 4. Nf3 b6 5. Bg5 h6 6. Bh4 Bb7 7. e3 g5 8. Bg3 Ne4 9. Qc2 Bxc3+ 10. bxc3 d6 11. Bd3 f5 12. d5 Nd7 13. Bxe4 fxe4 14. Qxe4 Qe7 15. Nd4 exd5 16. Qxe7+ Kxe7 17. cxd5 Bxd5 18. f3 Kf7 19. h4 Nc5 20. Kd2 Rag8 21. Rh2 g4 22. Bf4 gxf3 23. gxf3 a5 24. e4 Bc4 25. Nf5 Rg6 26. h5 Rf6 27. Rg2 Ne6 28. Be3 d5 29. Bd4 Nxd4 30. cxd4 Rg8 31. Rxg8 Kxg8 32. Ke3 dxe4 33. fxe4 Be6 34. Rg1+ Kf8 35. Nh4 Bxa2 36. d5 a4 37. Kd4 Rf2 38. Ng6+ Ke8 39. Ne5 a3 40. Rg3 Rd2+ 41. Kc3 Rb2 42. Rg8+ Ke7 43. Ng6+ Kd6 44. Kd4 Rb4+ 45. Ke3 Bb1 46. Rd8+ Kc5 47. Rd7 Rxe4+ 48. Kf3 Ra4 0-1

[Event "St Petersburg-ch Seniors Blitz"]
[Site "St Petersburg"]
[Date "2022.10.05"]
[Round "11"]
[White "Balashov, Yuri S"]
[Black "Raetsky, Alexander"]
[Result "0-1"]
[WhiteElo "2295"]
[BlackElo "2284"]
[PlyCount "52"]
[EventDate "2022.10.05"]
[EventType "swiss"]
[EventRounds "11"]
[EventCountry "RUS"]
[SourceTitle "CBM 210 Extra"]
[Source "ChessBase"]
[SourceDate "2022.11.30"]
[SourceVersion "1"]
[SourceVersionDate "2022.11.30"]
[SourceQuality "1"]

1. e4 c5 2. Nf3 Nc6 3. d4 cxd4 4. Nxd4 Nf6 5. Nc3 d6 6. Bg5 e6 7. Qd2 a6 8. 0-0-0 h6 9. Nxc6 bxc6 10. Bf4 d5 11. Be2 Be7 12. Qe3 0-0 13. h4 Nh7 14. Qg3 Kh8 15. Bc7 Qd7 16. Na4 Ra7 17. Be5 f6 18. Bd4 Bd6 19. Qg6 Rc7 20. Bc5 Bxc5 21. Nxc5 Qd6 22. Nb3 Qf4+ 23. Rd2 c5 24. exd5 exd5 25. g3 Qe4 26. f3 Qxg6 0-1

[Event "St Petersburg-ch Seniors Rapid"]
[Site "St Petersburg"]
[Date "2022.10.04"]
[Round "10"]
[White "Balashov, Yuri S"]
[Black "Zhelnin, Vladimir V"]
[Result "1-0"]
[WhiteElo "2298"]
[BlackElo "2244"]
[PlyCount "141"]
[EventDate "2022.10.03"]
[EventType "swiss (rapid)"]
[EventRounds "10"]
[EventCountry "RUS"]
[SourceTitle "EXT 2024"]
[Source "ChessBase"]
[SourceDate "2023.10.10"]
[SourceVersion "1"]
[SourceVersionDate "2023.10.10"]
[SourceQuality "1"]

1. e4 c5 2. Nf3 d6 3. d4 cxd4 4. Nxd4 Nf6 5. Nc3 a6 6. Be3 e5 7. Nb3 Be6 8. Be2 Nbd7 9. a4 Rc8 10. 0-0 Be7 11. a5 0-0 12. Ra4 Qc7 13. Qd2 Rfd8 14. Rd1 h6 15. Qe1 Nc5 16. Nxc5 dxc5 17. Rxd8+ Rxd8 18. b3 Bd7 19. Ra1 Be6 20. f3 Qc6 21. Bc4 Qc7 22. Na4 Bxc4 23. bxc4 Bf8 24. Nb6 Rd6 25. Bf2 Nd7 26. Nd5 Qc8 27. Qc3 Re6 28. Rb1 Nb8 29. Qb3 Nc6 30. Qxb7 Qd8 31. Qc7 Qxc7 32. Nxc7 Re7 33. Nd5 Re8 34. Be1 Nb4 35. c3 Nc6 36. Ra1 Rc8 37. Kf1 f6 38. Ke2 Kf7 39. Kd3 Bd6 40. Bf2 Rb8 41. Kc2 Ke6 42. g3 h5 43. f4 f5 44. exf5+ Kxf5 45. Ne3+ Kf6 46. Rd1 Rd8 47. fxe5+ Nxe5 48. Nd5+ Ke6 49. Nb6 Nc6 50. Rd5 Nxa5 51. Rxh5 Rb8 52. Bxc5 Bc7 53. Nd5 Bd8 54. Nf4+ Kf7 55. Rf5+ Ke8 56. Bd6 Rc8 57. c5 Nb7 58. Rf8+ Kd7 59. Rf7+ Kc6 60. Rxg7 Nxd6 61. cxd6 Kxd6 62. Rg6+ Ke5 63. Rxa6 Bg5 64. Ra5+ Kf6 65. g4 Bxf4 66. Rf5+ Kg6 67. Rxf4 Kg5 68. Re4 Rh8 69. c4 Rxh2+ 70. Kc3 Rh8 71. c5 1-0

[Event "St Petersburg-ch Seniors Rapid"]
[Site "St Petersburg"]
[Date "2022.10.04"]
[Round "9"]
[White "Raetsky, Alexander"]
[Black "Balashov, Yuri S"]
[Result "1/2-1/2"]
[WhiteElo "2322"]
[BlackElo "2298"]
[PlyCount "101"]
[EventDate "2022.10.03"]
[EventType "swiss (rapid)"]
[EventRounds "10"]
[EventCountry "RUS"]
[SourceTitle "EXT 2024"]
[Source "ChessBase"]
[SourceDate "2023.10.10"]
[SourceVersion "1"]
[SourceVersionDate "2023.10.10"]
[SourceQuality "1"]

1. d4 Nf6 2. c4 e6 3. g3 d5 4. Nf3 c5 5. cxd5 Nxd5 6. Bg2 Nc6 7. 0-0 Be7 8. dxc5 Bxc5 9. Qc2 Bb6 10. a3 Bd7 11. Nbd2 Rc8 12. Qd3 Nf6 13. Nc4 Bc7 14. Bg5 h6 15. Bxf6 Qxf6 16. Nd6+ Bxd6 17. Qxd6 Qe7 18. Rfd1 Qxd6 19. Rxd6 Ke7 20. Rad1 Rc7 21. b4 Rhc8 22. h4 Be8 23. R6d2 Rd8 24. Rc1 Rcd7 25. Rcd1 Rxd2 26. Rxd2 a5 27. Rxd8 Kxd8 28. bxa5 Nxa5 29. Nd2 Kc7 30. f4 Bc6 31. e4 Kb6 32. Bf3 Kc5 33. Kf2 Nc4 34. Nb3+ Kb6 35. g4 Nxa3 36. g5 hxg5 37. fxg5 g6 38. h5 gxh5 39. Bxh5 Be8 40. Nd4 e5 41. Nf5 Kc7 42. Nh6 Nc4 43. Bxf7 Bxf7 44. Nxf7 Kd7 45. Ke2 Ke7 46. Nh6 Ke6 47. Kd3 b5 48. Ng4 Kf7 49. Kc3 Kg6 50. Kb4 Kxg5 51. Nxe5 1/2-1/2

[Event "St Petersburg-ch Seniors"]
[Site "St Petersburg"]
[Date "2022.09.29"]
[Round "6"]
[White "Balashov, Yuri S"]
[Black "Kozlov, Oleg"]
[Result "1-0"]
[WhiteElo "2395"]
[BlackElo "2279"]
[PlyCount "59"]
[EventDate "2022.09.24"]
[EventType "swiss"]
[EventRounds "9"]
[EventCountry "RUS"]
[SourceTitle "CBM 210 Extra"]
[Source "ChessBase"]
[SourceDate "2022.11.30"]
[SourceVersion "1"]
[SourceVersionDate "2022.11.30"]
[SourceQuality "1"]

1. e4 c5 2. Nf3 e6 3. d4 cxd4 4. Nxd4 Nc6 5. Nc3 a6 6. Be2 Qc7 7. 0-0 Nf6 8. Kh1 b5 9. Nxc6 dxc6 10. f4 b4 11. e5 bxc3 12. exf6 gxf6 13. Qd4 cxb2 14. Bxb2 Be7 15. Qf2 Rb8 16. Bc3 c5 17. Qg3 Kf8 18. Qh4 h5 19. Bxf6 Bb7 20. Rad1 Rh6 21. Bg5 Rh7 22. Bd3 f5 23. Bc4 Be4 24. Bxe6 Qb7 25. Qg3 Rg7 26. Bh6 Bh4 27. Qxg7+ Qxg7 28. Bxg7+ Kxg7 29. Rd7+ Kh6 30. Bd5 1-0

[Event "RUS-chT2"]
[Site "Sochi"]
[Date "2022.05.07"]
[Round "6.3"]
[White "Balashov, Yuri S"]
[Black "Bocharov, Dmitry"]
[Result "0-1"]
[WhiteElo "2417"]
[BlackElo "2516"]
[PlyCount "62"]
[EventDate "2022.05.01"]
[EventType "team-swiss"]
[EventRounds "9"]
[EventCountry "RUS"]
[SourceTitle "CBM 208 Extra"]
[Source "ChessBase"]
[SourceDate "2022.07.31"]
[SourceVersion "1"]
[SourceVersionDate "2022.07.31"]
[SourceQuality "1"]
[WhiteTeam "Russia Veterans"]
[BlackTeam "Novosibirsk Region"]
[WhiteTeamCountry "RUS"]
[BlackTeamCountry "RUS"]

1. e4 c5 2. Nf3 d6 3. d4 cxd4 4. Nxd4 Nf6 5. Nc3 a6 6. Be3 e5 7. Nb3 Be6 8. Be2 Be7 9. 0-0 0-0 10. Qd2 Nbd7 11. a4 Qc7 12. a5 Rac8 13. Rfd1 Rfd8 14. Bf3 b5 15. axb6 Nxb6 16. Qe1 Nc4 17. Bc1 Qb6 18. Be2 h6 19. Ra4 d5 20. exd5 Bf5 21. Rxc4 Rxc4 22. Bxc4 Bxc2 23. Na1 Bxd1 24. Qxd1 Bb4 25. Qd3 Bxc3 26. bxc3 e4 27. Qc2 Nxd5 28. h3 Qa5 29. Bb2 e3 30. Nb3 Qc7 31. Qe4 Nf6 0-1

[Event "RUS-chT2"]
[Site "Sochi"]
[Date "2022.05.02"]
[Round "2.3"]
[White "Balashov, Yuri S"]
[Black "Ovod, Evgenija"]
[Result "1-0"]
[WhiteElo "2417"]
[BlackElo "2321"]
[PlyCount "147"]
[EventDate "2022.05.01"]
[EventType "team-swiss"]
[EventRounds "9"]
[EventCountry "RUS"]
[SourceTitle "CBM 208 Extra"]
[Source "ChessBase"]
[SourceDate "2022.07.31"]
[SourceVersion "1"]
[SourceVersionDate "2022.07.31"]
[SourceQuality "1"]
[WhiteTeam "Russia Veterans"]
[BlackTeam "Novosibirsk Region NGTU"]
[WhiteTeamCountry "RUS"]
[BlackTeamCountry "RUS"]

1. c4 e6 2. g3 d5 3. Bg2 Nf6 4. Nf3 dxc4 5. Qa4+ Nbd7 6. 0-0 c5 7. Qxc4 b6 8. Nc3 Bb7 9. d4 Rc8 10. Bg5 Be7 11. Rad1 Nd5 12. Bxe7 Qxe7 13. Qa4 cxd4 14. Nxd5 Bxd5 15. Nxd4 Bxg2 16. Kxg2 0-0 17. Qxa7 Ra8 18. Nc6 Rxa7 19. Nxe7+ Kh8 20. Nc6 Rc7 21. Rd6 g6 22. Rfd1 Nf6 23. Nb4 b5 24. Rb6 Rc5 25. Nd3 Rd5 26. Rc1 Nd7 27. Rb7 Kg7 28. Rcc7 Ne5 29. Nf4 Rd6 30. Rxb5 Ng4 31. Nd3 h5 32. Rbb7 Rd5 33. a4 e5 34. Rc5 Rd4 35. Rb4 Rfd8 36. h3 e4 37. Rxd4 Rxd4 38. hxg4 exd3 39. exd3 Rxa4 40. gxh5 gxh5 41. Rc4 Ra5 42. Kf3 Kf6 43. Ke3 Kg5 44. Rf4 f5 45. Kd2 Kf6 46. Kc3 Ke5 47. b4 Ra3+ 48. Kc4 Ra8 49. b5 Ra4+ 50. Kc5 Rxf4 51. gxf4+ Ke6 52. Kc6 h4 53. b6 h3 54. b7 h2 55. b8Q h1Q+ 56. Kc7 Qc1+ 57. Kd8 Qa1 58. Qc8+ Kf6 59. Qc6+ Kg7 60. Qd7+ Kh8 61. Qe8+ Kh7 62. Qe7+ Kg8 63. Qe6+ Kh7 64. Qxf5+ Kg8 65. Qd5+ Kh7 66. d4 Qb2 67. f5 Qxf2 68. Ke7 Qh4+ 69. Ke6 Kh6 70. Qg2 Qe1+ 71. Kf6 Qh4+ 72. Kf7 Qh5+ 73. Qg6+ Qxg6+ 74. fxg6 1-0

[Event "Cheliabinsk Variation-A"]
[Site "Cheliabinsk"]
[Date "2022.04.08"]
[Round "7"]
[White "Vlasenko, Miroslav"]
[Black "Balashov, Yuri S"]
[Result "1/2-1/2"]
[WhiteElo "2397"]
[BlackElo "2431"]
[PlyCount "117"]
[EventDate "2022.04.01"]
[EventType "swiss"]
[EventRounds "9"]
[EventCountry "RUS"]
[SourceTitle "CBM 207 Extra"]
[Source "ChessBase"]
[SourceDate "2022.05.31"]
[SourceVersion "1"]
[SourceVersionDate "2022.05.31"]
[SourceQuality "1"]

1. d4 e6 2. c4 Nf6 3. Nc3 Bb4 4. Qc2 0-0 5. a3 Bxc3+ 6. Qxc3 b6 7. Bg5 Bb7 8. e3 d6 9. Ne2 Nbd7 10. Qc2 c5 11. Rd1 cxd4 12. Rxd4 Qc7 13. Nc3 a6 14. Be2 h6 15. Bh4 Rac8 16. 0-0 d5 17. Bg3 Qc5 18. cxd5 exd5 19. Rfd1 Qe7 20. Bf3 b5 21. Qb1 Nb6 22. Bh4 g5 23. Bg3 Rfe8 24. h4 Qe6 25. hxg5 hxg5 26. a4 Rc5 27. axb5 axb5 28. Rb4 Bc6 29. Ne2 Bd7 30. Nd4 Qe7 31. Rb3 Nc4 32. Rbd3 g4 33. Be2 Nh5 34. Bf4 Nxf4 35. exf4 Qf6 36. Qc1 Rcc8 37. Rc3 b4 38. Rc2 Nd6 39. Rxc8 Rxc8 40. Qd2 Ne4 41. Qe3 Re8 42. Re1 Nd6 43. Qd2 Nc4 44. Bxc4 Rxe1+ 45. Qxe1 Qxd4 46. Qe7 Qxc4 47. Qxd7 Qc1+ 48. Kh2 Qxf4+ 49. Kg1 Qc1+ 50. Kh2 Qf4+ 51. Kg1 Qd4 52. Qd8+ Kh7 53. Qg5 f6 54. Qf5+ Kh6 55. g3 b3 56. Qc8 Qd1+ 57. Kg2 Qc2 58. Qh8+ Kg6 59. Qg8+ 1/2-1/2

[Event "Cheliabinsk Variation-A"]
[Site "Cheliabinsk"]
[Date "2022.04.06"]
[Round "6"]
[White "Balashov, Yuri S"]
[Black "Shomoev, Anton"]
[Result "0-1"]
[WhiteElo "2431"]
[BlackElo "2575"]
[PlyCount "70"]
[EventDate "2022.04.01"]
[EventType "swiss"]
[EventRounds "9"]
[EventCountry "RUS"]
[SourceTitle "CBM 207 Extra"]
[Source "ChessBase"]
[SourceDate "2022.05.31"]
[SourceVersion "1"]
[SourceVersionDate "2022.05.31"]
[SourceQuality "1"]

1. c4 g6 2. Nf3 Bg7 3. Nc3 Nf6 4. e4 e5 5. Nxe5 0-0 6. d4 d6 7. Nf3 Nxe4 8. Nxe4 Re8 9. Be3 Rxe4 10. Bd3 Re8 11. 0-0 Bg4 12. Be2 Nc6 13. h3 Bxf3 14. Bxf3 Qh4 15. g3 Qf6 16. Rb1 Rab8 17. d5 Ne5 18. Be2 Qf5 19. g4 Qe4 20. Bxa7 Ra8 21. Be3 f5 22. Bd2 Nxc4 23. Bxc4 Qxc4 24. Rc1 Qd3 25. Rxc7 Qxh3 26. Bc3 Be5 27. Bxe5 Rxe5 28. Rc3 Qh4 29. f4 Re4 30. gxf5 Rae8 31. Qf3 Re1 32. Qg3 Rxf1+ 33. Kxf1 Qh1+ 34. Kf2 Qe1+ 35. Kg2 Re2+ 0-1

[Event "Cheliabinsk Panchenko Memorial op-A"]
[Site "Cheliabinsk"]
[Date "2021.09.21"]
[Round "10"]
[White "Somkin, Kirill"]
[Black "Balashov, Yuri S"]
[Result "0-1"]
[WhiteElo "2262"]
[BlackElo "2455"]
[PlyCount "134"]
[EventDate "2021.09.13"]
[EventType "swiss"]
[EventRounds "10"]
[EventCountry "RUS"]
[SourceTitle "CBM 204 Extra"]
[Source "ChessBase"]
[SourceDate "2021.11.30"]
[SourceVersion "1"]
[SourceVersionDate "2021.11.30"]
[SourceQuality "1"]

1. e4 c5 2. c3 e6 3. d4 d5 4. e5 Nc6 5. Nf3 Bd7 6. Be2 Nge7 7. Na3 Nf5 8. Nc2 Rc8 9. 0-0 cxd4 10. cxd4 Nb4 11. Nce1 h5 12. h3 Qb6 13. g4 Ne7 14. a3 Nbc6 15. b4 hxg4 16. hxg4 f5 17. g5 Ng6 18. Ng2 Nd8 19. Nf4 Nxf4 20. Bxf4 Bb5 21. Kg2 Bxe2 22. Qxe2 Nc6 23. Qd3 Be7 24. Rh1 Kf7 25. Rag1 a6 26. Kf1 Rxh1 27. g6+ Kg8 28. Rxh1 Qb5 29. Qxb5 axb5 30. Ke2 Ra8 31. Bc1 Bd8 32. Kd3 Ra6 33. Rg1 Ne7 34. Nd2 Rc6 35. Nb3 Bb6 36. Nc5 Bxc5 37. dxc5 Ra6 38. Bb2 Kf8 39. Kc3 Ke8 40. Kb3 Ra8 41. Bc1 Kd7 42. Rh1 Rg8 43. a4 Kc6 44. Bb2 Nxg6 45. axb5+ Kxb5 46. Ra1 Rh8 47. Ra5+ Kc6 48. Ra7 Rh4 49. Ba3 Nxe5 50. b5+ Kxb5 51. Rxb7+ Kc6 52. Rb6+ Kd7 53. Rb7+ Kc8 54. Rxg7 Nc6 55. Rg6 Kb7 56. Bb2 Re4 57. f3 Re3+ 58. Ka4 Re2 59. Ba3 Nd4 60. Bb4 Ra2+ 61. Ba3 Nc2 62. Kb3 Rxa3+ 63. Kxc2 Re3 64. Kd2 d4 65. Rg8 Rxf3 66. Rd8 e5 67. Rd6 Re3 0-1

[Event "Cheliabinsk Panchenko Memorial op-A"]
[Site "Cheliabinsk"]
[Date "2021.09.19"]
[Round "7"]
[White "Balashov, Yuri S"]
[Black "Sargsyan, Shant"]
[Result "0-1"]
[WhiteElo "2455"]
[BlackElo "2642"]
[PlyCount "83"]
[EventDate "2021.09.13"]
[EventType "swiss"]
[EventRounds "10"]
[EventCountry "RUS"]
[SourceTitle "CBM 204 Extra"]
[Source "ChessBase"]
[SourceDate "2021.11.30"]
[SourceVersion "1"]
[SourceVersionDate "2021.11.30"]
[SourceQuality "1"]

1. e4 c5 2. Nf3 d6 3. d4 cxd4 4. Nxd4 Nf6 5. Nc3 Nc6 6. Bg5 e6 7. Qd2 a6 8. 0-0-0 Bd7 9. f3 Be7 10. h4 h6 11. Be3 h5 12. Kb1 Ne5 13. f4 Neg4 14. Bg1 b5 15. Bd3 Qc7 16. Re1 b4 17. Nd1 Rb8 18. Ne3 a5 19. b3 a4 20. Nxg4 Nxg4 21. Bc4 0-0 22. Nf3 Bb5 23. Bxb5 Rxb5 24. Bd4 e5 25. Bb2 Ra8 26. Re2 Rba5 27. Rc1 axb3 28. cxb3 Qb7 29. Rc4 Rxa2 30. Qxb4 Qa7 31. Qc3 Bf8 32. f5 Nf6 33. Rd2 d5 34. exd5 e4 35. Ng5 e3 36. Re2 Nxd5 37. Qe5 Qb7 38. b4 Nxb4 39. Nxf7 Qxf7 40. Rc7 Nd3 41. Qc3 Rxb2+ 42. Rxb2 0-1

[Event "Cheliabinsk Panchenko Memorial op-A"]
[Site "Cheliabinsk"]
[Date "2021.09.18"]
[Round "6"]
[White "Remizov, Yaroslav"]
[Black "Balashov, Yuri S"]
[Result "0-1"]
[WhiteElo "2388"]
[BlackElo "2455"]
[PlyCount "66"]
[EventDate "2021.09.13"]
[EventType "swiss"]
[EventRounds "10"]
[EventCountry "RUS"]
[SourceTitle "CBM 204 Extra"]
[Source "ChessBase"]
[SourceDate "2021.11.30"]
[SourceVersion "1"]
[SourceVersionDate "2021.11.30"]
[SourceQuality "1"]

1. e4 c5 2. Nf3 Nc6 3. Bb5 g6 4. 0-0 Bg7 5. c3 Nf6 6. Re1 0-0 7. d4 d5 8. exd5 Qxd5 9. c4 Qd6 10. dxc5 Qxd1 11. Rxd1 Ne4 12. h3 Bf5 13. Bxc6 bxc6 14. Re1 h5 15. Nh4 Bd4 16. Nxf5 gxf5 17. Re2 Rab8 18. g4 hxg4 19. hxg4 e5 20. gxf5 Ng3 21. Rc2 Kh7 22. Nd2 Rg8 23. Nf3 Rg4 24. Nxd4 Nxf5+ 25. Kf1 exd4 26. f3 Rh4 27. Rg2 d3 28. b3 Re8 29. Bd2 Rh1+ 30. Rg1 Rh2 31. Re1 Ree2 32. Rg5 Rh1+ 33. Rg1 Ng3# 0-1

[Event "Cheliabinsk Panchenko Memorial op-A"]
[Site "Cheliabinsk"]
[Date "2021.09.15"]
[Round "3"]
[White "Balashov, Yuri S"]
[Black "Palachev, Petr"]
[Result "1/2-1/2"]
[WhiteElo "2455"]
[BlackElo "2336"]
[PlyCount "94"]
[EventDate "2021.09.13"]
[EventType "swiss"]
[EventRounds "10"]
[EventCountry "RUS"]
[SourceTitle "CBM 204 Extra"]
[Source "ChessBase"]
[SourceDate "2021.11.30"]
[SourceVersion "1"]
[SourceVersionDate "2021.11.30"]
[SourceQuality "1"]

1. c4 e5 2. Nc3 Bb4 3. Nd5 Be7 4. d4 exd4 5. Bf4 d6 6. Qxd4 Nf6 7. Nxe7 Qxe7 8. Bg5 Nc6 9. Qc3 Be6 10. Nf3 h6 11. Bxf6 Qxf6 12. Qxf6 gxf6 13. e3 Ne5 14. Nd2 Ke7 15. Rc1 c5 16. f4 Ng4 17. Rc3 f5 18. Be2 Nf6 19. Bf3 Rab8 20. a4 b6 21. Kf2 Rhd8 22. Re1 d5 23. cxd5 Bxd5 24. Bxd5 Rxd5 25. Ke2 Rbd8 26. Nf3 Ne4 27. Rc2 R8d6 28. Rb1 a5 29. Rbc1 f6 30. Rg1 h5 31. g3 Rd8 32. Rgc1 R8d6 33. Rg1 Kd7 34. h3 Re6 35. g4 hxg4 36. hxg4 fxg4 37. Rxg4 Nd6 38. Rc3 Re4 39. b3 Rb4 40. Nd2 Ke6 41. Rg2 Rxd2+ 42. Kxd2 Ne4+ 43. Kc2 Nxc3 44. Kxc3 Kf5 45. Rg8 Re4 46. Kd3 Rb4 47. Kc3 Re4 1/2-1/2